000
00265nam a22001217a 4500
082
_a
629.25 JUD'A
100
_a
JUDGE, ARTHUR W
_9
41819
245
_a
AUTOMOBILE ENGINES
250
_a
8TH
260
_a
LONDON
_b
CHAPMAN & HALL
_c
1972
300
_a
552P
942
_c
BK
999
_c
582697
_d
582697